[Event "V Torneo del Litorale A"]
[Site "Roma ITA"]
[Date "1997.02.??"]
[Round "?"]
[White "Quimi, Marco"]
[Black "Tommasini, Enzo"]
[Result "1/2-1/2"]
[WhiteElo "2245"]
[BlackElo "2075"]
[PlyCount "144"]
[EventDate "1997.02.07"]

1. e4 e6 2. d4 d5 3. e5 c5 4. c3 Qb6 5. Nf3 Bd7 6. Be2 Bb5 7. c4 Bxc4 8. Bxc4
dxc4 9. d5 exd5 10. Qxd5 Ne7 11. Qxc4 Nbc6 12. O-O Ng6 13. Nc3 Qb4 14. Qxb4
Nxb4 15. Bg5 Be7 16. Bxe7 Nxe7 17. Ne4 b6 18. Nd6+ Kf8 19. Ng5 f6 20. Ne6+ Kg8
21. exf6 gxf6 22. Rfe1 Nc2 23. Nc7 Nxe1 24. Nxa8 Nc2 25. Rd1 Kg7 26. Nc7 Nd4
27. Rd3 f5 28. Re3 Ng6 29. Nce8+ Kf8 30. Nf6 Kg7 31. Nh5+ Kh6 32. Rh3 Rf8 33.
Nf6+ Kg7 34. Nde8+ Kf7 35. Rxh7+ Ke6 36. Rxa7 Ne5 37. Nh5 Nd7 38. Neg7+ Kd6 39.
Ng3 f4 40. Ne4+ Kc6 41. f3 Nb5 42. Ra4 Nd4 43. Rxd4 cxd4 44. Ne6 Ra8 45. Nxd4+
Kd5 46. Ne2 Ke5 47. N4c3 Nc5 48. g3 Nd3 49. a4 fxg3 50. hxg3 Nxb2 51. f4+ Kf5
52. Kg2 Nxa4 53. Nd4+ Kg6 54. Ne4 Nc5 55. f5+ Kf7 56. Ng5+ Ke7 57. Ngf3 Ne4 58.
g4 Kf6 59. Ne6 Rg8 60. Nh2 b5 61. Kf3 Ng5+ 62. Nxg5 Kxg5 63. Kg3 b4 64. Nf3+
Kf6 65. Kf4 b3 66. g5+ Ke7 67. f6+ Kd6 68. Nd2 b2 69. Nc4+ Ke6 70. Nxb2 Rd8 71.
Ke4 Rg8 72. f7 Kxf7 1/2-1/2

[Event "V Torneo del Litorale A"]
[Site "Roma ITA"]
[Date "1997.02.??"]
[Round "?"]
[White "Raccah, Ascer"]
[Black "Fantazzini, Massimiliano"]
[Result "0-1"]
[WhiteElo "1528"]
[BlackElo "1753"]
[PlyCount "77"]
[EventDate "1997.02.07"]

1. e4 e6 2. d4 d5 3. Nd2 c5 4. Ngf3 Nc6 5. Bb5 Qc7 6. O-O Nf6 7. exd5 Nxd5 8.
c4 Nb6 9. Ne4 cxd4 10. Qxd4 Bd7 11. Bxc6 Bxc6 12. Ned2 h5 13. c5 Na4 14. b4 Rd8
15. Qc4 Bd5 16. Qb5+ Bc6 17. Qc4 a6 18. Qc2 Rh6 19. Ne4 Rg6 20. Bg5 Be7 21.
Bxe7 Kxe7 22. Rad1 Rxd1 23. Rxd1 Qf4 24. Ng3 h4 25. Rd4 Qf6 26. Nxh4 Qxd4 27.
Nxg6+ fxg6 28. Qxg6 Qa1+ 29. Nf1 Qf6 30. Qd3 Bd5 31. b5 Nb2 32. Qa3 Kf7 33.
bxa6 bxa6 34. Qxa6 Qg5 35. Ne3 Nc4 36. Qa7+ Kg6 37. c6 Nxe3 38. g3 Qg4 39. Qd4
0-1

[Event "V Torneo del Litorale A"]
[Site "Roma ITA"]
[Date "1997.02.??"]
[Round "?"]
[White "Raccah, Ascer"]
[Black "Narain, Ram Deva"]
[Result "0-1"]
[WhiteElo "1528"]
[BlackElo "1539"]
[PlyCount "106"]
[EventDate "1997.02.07"]

1. e4 g6 2. d4 Bg7 3. Nf3 d6 4. Bc4 Nf6 5. Nc3 O-O 6. O-O Bg4 7. h3 Bxf3 8.
Qxf3 Nc6 9. Be3 e5 10. Ne2 exd4 11. Bxd4 Nxd4 12. Nxd4 Nd7 13. c3 Ne5 14. Qe2
Nxc4 15. Qxc4 a6 16. f4 Re8 17. f5 Qd7 18. fxg6 hxg6 19. Nf3 Re7 20. Rf2 Qe6
21. Qxe6 Rxe6 22. Raf1 Bh6 23. Re2 Rae8 24. Rfe1 f5 25. Nd4 Rxe4 26. Rxe4 Rxe4
27. Rxe4 fxe4 28. Ne6 Be3+ 29. Kf1 Bb6 30. Ng5 d5 31. Ne6 c6 32. g4 Kf7 33. Nf4
Kf6 34. h4 g5 35. Nh5+ Kg6 36. hxg5 Kxg5 37. Ng7 Kxg4 38. Ke2 Kf4 39. Ne8 Ke5
40. Ng7 c5 41. Nh5 d4 42. c4 Bd8 43. a3 d3+ 44. Ke1 Kd4 45. b4 cxb4 46. axb4
Kxc4 47. b5 axb5 48. Ng7 Kc3 49. Ne6 Be7 50. Nf4 Kc2 51. Nd5 d2+ 52. Kf2 Bc5+
53. Ne3+ Bxe3+ 0-1

[Event "V Torneo del Litorale A"]
[Site "Roma ITA"]
[Date "1997.02.??"]
[Round "?"]
[White "Raccah, Ascer"]
[Black "Russo, Massimiliano"]
[Result "1-0"]
[WhiteElo "1528"]
[BlackElo "1576"]
[PlyCount "120"]
[EventDate "1997.02.07"]

1. e4 c5 2. c3 Nf6 3. e5 Nd5 4. d4 e6 5. Bc4 Nb6 6. Qe2 Nxc4 7. Qxc4 d5 8. exd6
cxd4 9. Qxd4 Nc6 10. Qg4 Ne5 11. Qe4 Bxd6 12. Nf3 Nxf3+ 13. Qxf3 O-O 14. O-O
Qc7 15. h3 f5 16. b3 Bd7 17. Ba3 Bxa3 18. Nxa3 Bc6 19. Qe2 a6 20. Qxe6+ Kh8 21.
Nc4 Rf6 22. Qe5 Qf7 23. f3 Qg6 24. Qd4 Re8 25. Ne5 Qg3 26. Nxc6 Rd6 27. Qf2
Qxf2+ 28. Rxf2 Rxc6 29. c4 Rd6 30. c5 Rc6 31. b4 Kg8 32. Rd1 Rec8 33. Rd7 b6
34. cxb6 Rxb6 35. Ra7 Rc1+ 36. Kh2 Rb1 37. Rc2 h6 38. Rcc7 Rg6 39. Ra8+ Kh7 40.
Rcc8 Rf6 41. Rab8 Rb2 42. a4 Ra2 43. h4 h5 44. a5 Rd6 45. Rh8+ Kg6 46. Rb6 Rad2
47. Rxd6+ Rxd6 48. Rb8 Rd4 49. Rb6+ Kf7 50. b5 axb5 51. Rxb5 Ke6 52. Rb6+ Kf7
53. g3 Ra4 54. a6 Ra3 55. Rb7+ Kf6 56. a7 g6 57. Kg2 Ra2+ 58. Kf1 Ke6 59. f4
Kd6 60. Rg7 Rxa7 1-0

[Event "V Torneo del Litorale A"]
[Site "Roma ITA"]
[Date "1997.02.??"]
[Round "?"]
[White "Ridolfi, Raffaele"]
[Black "Chiacchiararelli, Bruno"]
[Result "0-1"]
[WhiteElo "1660"]
[BlackElo "1771"]
[PlyCount "64"]
[EventDate "1997.02.07"]

1. d4 Nf6 2. c4 e6 3. Nc3 Bb4 4. Qc2 Nc6 5. Nf3 d6 6. a3 Bxc3+ 7. Qxc3 Ne4 8.
Qc2 f5 9. e3 O-O 10. Bd3 Ng5 11. Nxg5 Qxg5 12. f3 Qf6 13. b4 e5 14. b5 Ne7 15.
Bb2 Ng6 16. dxe5 Nxe5 17. O-O Qh6 18. Rfe1 Be6 19. Be2 Qxe3+ 20. Kh1 Rae8 21.
Bf1 Qc5 22. Rac1 Bd7 23. Qc3 Rf7 24. h3 f4 25. Re4 Ng6 26. Rxe8+ Bxe8 27. Re1
Bd7 28. Bd3 Nh4 29. Re2 Qg5 30. Be4 Re7 31. Bd5+ Kf8 32. Rxe7 Qxg2# 0-1

[Event "V Torneo del Litorale A"]
[Site "Roma ITA"]
[Date "1997.02.??"]
[Round "?"]
[White "Ridolfi, Raffaele"]
[Black "Laudati, Adriano"]
[Result "0-1"]
[WhiteElo "1660"]
[BlackElo "1852"]
[PlyCount "114"]
[EventDate "1997.02.07"]

1. d4 e6 2. c4 f5 3. Nf3 Nf6 4. g3 Bb4+ 5. Bd2 Bxd2+ 6. Qxd2 d6 7. Bg2 O-O 8.
Nc3 Qe7 9. O-O Nbd7 10. Qc2 e5 11. dxe5 dxe5 12. Qxf5 e4 13. Ng5 Nb6 14. Qb5 c6
15. Qb3 Bf5 16. c5+ Nbd5 17. Qc4 Rae8 18. b4 Kh8 19. Nxd5 Nxd5 20. Nh3 Qe6 21.
Ng5 Qg6 22. h4 h6 23. Nh3 Qe6 24. Kh2 Ne3 25. Qxe6 Nxf1+ 26. Rxf1 Rxe6 27. Nf4
Ree8 28. Bh3 Bxh3 29. Kxh3 Kg8 30. e3 g5 31. Ne2 Kg7 32. Nd4 Kg6 33. a3 a5 34.
hxg5 hxg5 35. Kg2 axb4 36. axb4 Re7 37. Rh1 Ref7 38. Rf1 Rh8 39. f4 Rfh7 40. b5
cxb5 41. Nxb5 Rh2+ 42. Kg1 Rb2 43. Nd6 Rhh2 44. Rc1 Rbg2+ 45. Kf1 Rxg3 46. Nxe4
Rxe3 47. Nxg5 Rh1+ 48. Kf2 Rxc1 49. Kxe3 Rxc5 50. Ne6 Rc8 51. Nd4 Kf6 52. Ke4
Rc5 53. Kd3 b5 54. Nb3 Rc8 55. Nd4 b4 56. Kd2 Kg6 57. Kd3 Kh5 0-1

[Event "V Torneo del Litorale A"]
[Site "Roma ITA"]
[Date "1997.02.??"]
[Round "?"]
[White "Russo, Massimiliano"]
[Black "Balducci, Walter"]
[Result "1-0"]
[WhiteElo "1576"]
[BlackElo "1591"]
[PlyCount "67"]
[EventDate "1997.02.07"]

1. e4 c6 2. d4 d5 3. exd5 cxd5 4. c4 e6 5. Nf3 Nf6 6. Nc3 Be7 7. cxd5 Nxd5 8.
Nxd5 Qxd5 9. Bd3 Nc6 10. O-O Bd7 11. a3 h5 12. h3 g5 13. Re1 Nxd4 14. Nxd4 Qxd4
15. Rxe6 Qd5 16. Re2 Bc6 17. f3 Rd8 18. Qe1 Rd7 19. Be4 Qd1 20. Bxc6 Qxe1+ 21.
Rxe1 bxc6 22. Bxg5 Rg8 23. Rxe7+ Rxe7 24. Bxe7 Kxe7 25. Rc1 Kd6 26. Rc4 Rg5 27.
b4 Rd5 28. Rc3 Rd1+ 29. Kf2 Rd2+ 30. Kg3 Kd5 31. Rc5+ Kd6 32. Rxh5 Rd5 33.
Rxd5+ Kxd5 34. h4 1-0

[Event "V Torneo del Litorale A"]
[Site "Roma ITA"]
[Date "1997.02.??"]
[Round "?"]
[White "Russo, Massimiliano"]
[Black "Piccioni, Marco"]
[Result "1/2-1/2"]
[WhiteElo "1576"]
[BlackElo "1537"]
[PlyCount "42"]
[EventDate "1997.02.07"]

1. e4 e5 2. Nf3 Nc6 3. d4 exd4 4. Nxd4 Nf6 5. Nc3 Bb4 6. Nxc6 Bxc3+ 7. bxc3
bxc6 8. Ba3 d6 9. Bc4 O-O 10. f3 Re8 11. O-O d5 12. exd5 Nxd5 13. Bxd5 Qxd5 14.
Qc1 Qc4 15. Re1 Be6 16. Qe3 h6 17. Bc5 a6 18. a3 Red8 19. Bd4 Rd5 20. Rad1 Rb8
21. Be5 Rc8 1/2-1/2

[Event "V Torneo del Litorale A"]
[Site "Roma ITA"]
[Date "1997.02.??"]
[Round "?"]
[White "Scagliarini, Bruno"]
[Black "Fantazzini, Massimiliano"]
[Result "1-0"]
[WhiteElo "1728"]
[BlackElo "1753"]
[PlyCount "93"]
[EventDate "1997.02.07"]

1. c4 e5 2. g3 g6 3. Bg2 Bg7 4. Nc3 Nc6 5. e3 Nge7 6. Nge2 f5 7. d3 d6 8. O-O
O-O 9. Rb1 Be6 10. b4 Qd7 11. b5 Nd8 12. Nd5 Re8 13. Nec3 c6 14. bxc6 bxc6 15.
Nxe7+ Rxe7 16. Ba3 Rc8 17. Qb3 g5 18. f4 Bf6 19. fxe5 Bxe5 20. d4 Bg7 21. d5
Bf7 22. dxc6 Nxc6 23. Nd5 Na5 24. Nxe7+ Qxe7 25. Qd3 Nxc4 26. Rfe1 Qf6 27. Rb7
Nxa3 28. Qxa3 Rc2 29. Rxf7 Rxg2+ 30. Kxg2 Kxf7 31. Qxa7+ Kg6 32. Qd4 Qe6 33.
Qd2 Be5 34. Rd1 Qc4 35. Qd5 Qc2+ 36. Rd2 Qc8 37. Qd3 h5 38. h3 g4 39. h4 Qc1
40. Qe2 Qc6+ 41. Kh2 Qa4 42. Qd3 Qe8 43. Qd5 Qe7 44. Qg8+ Kf6 45. Qg5+ Ke6 46.
Qg6+ Qf6 47. Qg8+ 1-0

[Event "V Torneo del Litorale A"]
[Site "Roma ITA"]
[Date "1997.02.??"]
[Round "?"]
[White "Scagliarini, Bruno"]
[Black "Maddaloni, Giovanni"]
[Result "1-0"]
[WhiteElo "1728"]
[BlackElo "1538"]
[PlyCount "123"]
[EventDate "1997.02.07"]

1. c4 Nf6 2. g3 g6 3. Bg2 Bg7 4. Nc3 d6 5. e3 c5 6. Nge2 Nc6 7. O-O O-O 8. d4
e5 9. dxc5 dxc5 10. Nd5 h6 11. Nec3 Bd7 12. b3 Nh7 13. Bb2 f5 14. Qc2 e4 15.
Ne2 Ne5 16. Bxe5 Bxe5 17. Rad1 Rf7 18. Ndf4 Qf6 19. f3 exf3 20. Bxf3 Bc6 21.
Nd5 Qg7 22. Nef4 Re8 23. Rd2 Kh8 24. Rdf2 Nf6 25. Nxf6 Qxf6 26. Bd5 Bxf4 27.
exf4 Rfe7 28. Qb2 Qxb2 29. Rxb2 Re2 30. Bxc6 bxc6 31. Rf2 R2e4 32. Rbd2 Rd4 33.
Rde2 Ree4 34. Rxe4 fxe4 35. Re2 Kg7 36. Kf2 Kf6 37. g4 h5 38. h3 a5 39. Ke3
Rd3+ 40. Kxe4 Rxh3 41. gxh5 gxh5 42. Rd2 Ke7 43. Kf5 a4 44. bxa4 Ra3 45. Kg5
Rxa4 46. Rc2 h4 47. Kxh4 Kf6 48. Kg4 Ra3 49. Rh2 Rc3 50. Rh6+ Kf7 51. Rxc6 Rxc4
52. Kf5 Rc1 53. Rc7+ Ke8 54. Ke6 Kd8 55. Ra7 Re1+ 56. Kd6 Rd1+ 57. Kxc5 Rc1+
58. Kd6 Rd1+ 59. Ke6 Re1+ 60. Kf6 Rf1 61. f5 Rf2 62. a4 1-0

[Event "V Torneo del Litorale A"]
[Site "Roma ITA"]
[Date "1997.02.??"]
[Round "?"]
[White "Scagliarini, Bruno"]
[Black "Marinelli, Franco"]
[Result "1-0"]
[WhiteElo "1728"]
[BlackElo "1522"]
[PlyCount "117"]
[EventDate "1997.02.07"]

1. c4 c5 2. Nc3 Nc6 3. g3 Nf6 4. Bg2 g6 5. Nf3 Bg7 6. O-O O-O 7. d3 d6 8. a3
Bd7 9. Rb1 a5 10. h3 Qc8 11. Kh2 Nd4 12. Nxd4 cxd4 13. Nd5 Nxd5 14. cxd5 e5 15.
dxe6 fxe6 16. Bg5 Bc6 17. Rc1 Qd7 18. Bxc6 bxc6 19. Qa4 Rfc8 20. Rc2 Rc7 21.
Rfc1 c5 22. Qxd7 Rxd7 23. b4 axb4 24. axb4 cxb4 25. Rc8+ Rxc8 26. Rxc8+ Kf7 27.
Rb8 Bf6 28. Bd2 d5 29. Bxb4 Be7 30. Bd2 e5 31. Kg2 Ke6 32. Kf3 Rd8 33. Rb6+ Rd6
34. Rb2 Rd8 35. Ra2 Rf8+ 36. Kg2 Rd8 37. Bh6 Bf8 38. Bd2 h5 39. Ra6+ Kf5 40. f3
Rd6 41. Ra8 Be7 42. g4+ hxg4 43. fxg4+ Ke6 44. Kg3 Kf7 45. Ra7 Ke8 46. Bb4 Rd7
47. Rxd7 Kxd7 48. Bxe7 Kxe7 49. h4 Kf6 50. Kh3 Kg7 51. h5 g5 52. Kg3 Kf7 53.
Kf2 e4 54. Ke1 Ke6 55. Kd1 Ke5 56. Kc2 exd3+ 57. Kxd3 Kf4 58. h6 Kxg4 59. h7
1-0

[Event "V Torneo del Litorale A"]
[Site "Roma ITA"]
[Date "1997.02.??"]
[Round "?"]
[White "Scagliarini, Valentina"]
[Black "Cenni, Franco"]
[Result "0-1"]
[WhiteElo "1771"]
[BlackElo "1552"]
[PlyCount "65"]
[EventDate "1997.02.07"]

1. e4 e5 2. Nf3 Nc6 3. Bb5 d6 4. d4 exd4 5. Nxd4 Bd7 6. O-O Nf6 7. Re1 Be7 8.
f4 O-O 9. Nc3 a6 10. Bc4 b5 11. Bd5 Nxd5 12. Nxd5 Nxd4 13. Qxd4 c5 14. Qd3 Bc6
15. Bd2 Bxd5 16. Qxd5 Re8 17. Re3 Ra7 18. Rh3 Bf6 19. Qh5 h6 20. g4 Kf8 21. g5
hxg5 22. fxg5 Bd4+ 23. Kh1 g6 24. Qf3 Kg7 25. Rf1 Rh8 26. Rxh8 Kxh8 27. Qh3+
Kg8 28. Bc3 Qxg5 29. Bxd4 cxd4 30. Qc8+ Kg7 31. Qb8 Qe7 32. Re1 Rc7 33. Re2 0-1

[Event "V Torneo del Litorale A"]
[Site "Roma ITA"]
[Date "1997.02.??"]
[Round "?"]
[White "Scagliarini, Valentina"]
[Black "Gatta, Flavio"]
[Result "1-0"]
[WhiteElo "1771"]
[BlackElo "1528"]
[PlyCount "41"]
[EventDate "1997.02.07"]

1. e4 c5 2. Nf3 Nc6 3. d4 cxd4 4. Nxd4 e6 5. Nc3 a6 6. Be3 Nge7 7. Qd2 Nxd4 8.
Bxd4 Nc6 9. f3 Nxd4 10. Qxd4 b5 11. O-O-O Qa5 12. Kb1 b4 13. Ne2 Qc5 14. Qxc5
Bxc5 15. Nd4 O-O 16. Bc4 Rd8 17. Nc6 Re8 18. Ne5 Rd8 19. Rd3 f6 20. Bxe6+ Kh8
21. Nf7+ 1-0

[Event "V Torneo del Litorale A"]
[Site "Roma ITA"]
[Date "1997.02.??"]
[Round "?"]
[White "Scagliarini, Valentina"]
[Black "Piccioni, Marco"]
[Result "1-0"]
[WhiteElo "1771"]
[BlackElo "1537"]
[PlyCount "89"]
[EventDate "1997.02.07"]

1. e4 e5 2. Nf3 Nc6 3. Bb5 a6 4. Bxc6 dxc6 5. d4 exd4 6. Qxd4 Qxd4 7. Nxd4 Bg4
8. Be3 O-O-O 9. Nd2 Bb4 10. c3 Bc5 11. f3 Bh5 12. O-O-O Nf6 13. Nf5 Bxe3 14.
Nxe3 Bg6 15. Ndc4 Nd7 16. Rd2 f6 17. Rhd1 Rhe8 18. b3 Nc5 19. Rxd8+ Rxd8 20.
Rxd8+ Kxd8 21. Kd2 Ke7 22. Na5 Be8 23. Nf5+ Kf7 24. b4 b6 25. bxc5 bxa5 26. Nd4
g6 27. a4 Ke7 28. Nb3 Bf7 29. Nxa5 Kd7 30. Kd3 Be6 31. Nc4 Bf7 32. a5 Be6 33.
Ne3 h5 34. Nc2 Kc8 35. Nb4 Kb7 36. Kd4 Bd7 37. f4 Bc8 38. Nd3 Bd7 39. e5 f5 40.
e6 Bxe6 41. Ne5 Bd5 42. g3 Kc8 43. Nxg6 Kd7 44. Ke5 Be4 45. Nh4 1-0

[Event "V Torneo del Litorale A"]
[Site "Roma ITA"]
[Date "1997.02.??"]
[Round "?"]
[White "Sposito, Paolo"]
[Black "Alderisio, Piero"]
[Result "0-1"]
[WhiteElo "1459"]
[BlackElo "1558"]
[PlyCount "98"]
[EventDate "1997.02.07"]

1. d4 Nf6 2. c4 e6 3. a3 b6 4. Nf3 Bb7 5. e3 c5 6. Be2 Be7 7. O-O O-O 8. Nc3 d5
9. dxc5 bxc5 10. b3 Nc6 11. Bb2 d4 12. exd4 cxd4 13. Na2 e5 14. Re1 Qc7 15. Bd3
Rfe8 16. Qc2 g6 17. Ng5 Bf8 18. f3 h6 19. Nh3 Nh7 20. b4 Rad8 21. Nc1 f5 22.
Nf2 Ng5 23. Nb3 Ne7 24. Nd2 Kh7 25. c5 Nd5 26. h4 Ne3 27. Qc1 e4 28. Bxd4 Rxd4
29. Rxe3 Qf4 30. Nf1 Qxh4 31. fxe4 Nxe4 32. Bxe4 fxe4 33. Rh3 Qe7 34. Ng4 h5
35. Qf4 Bg7 36. Nge3 Rf8 37. Qh4 Qf7 38. Qe1 Bc8 39. g4 Rd3 40. Rc1 Bxg4 41.
Rh2 Bd4 42. Rf2 Bf3 43. c6 Qb3 44. c7 Rc8 45. Rd2 Bb6 46. Rc6 Rxc7 47. Rxb6
axb6 48. Rxd3 Qxd3 49. Qg3 Rf7 0-1

[Event "V Torneo del Litorale A"]
[Site "Roma ITA"]
[Date "1997.02.??"]
[Round "?"]
[White "Sposito, Paolo"]
[Black "Colombrini, Adolfo"]
[Result "1-0"]
[WhiteElo "1459"]
[BlackElo "1659"]
[PlyCount "75"]
[EventDate "1997.02.07"]

1. d4 Nf6 2. c4 g6 3. Nc3 d5 4. Nf3 Bg7 5. cxd5 Nxd5 6. Qb3 Nxc3 7. bxc3 O-O 8.
Ba3 b6 9. e4 Bb7 10. Qc2 Nd7 11. Be2 Rc8 12. Rd1 Nf6 13. d5 Nd7 14. O-O c5 15.
Bc1 Qc7 16. Bg5 Ne5 17. Qd2 Nxf3+ 18. Bxf3 Qe5 19. Rc1 Qc7 20. Bg4 Rcd8 21. f4
f5 22. Bf3 h6 23. Bh4 Qd7 24. Rfd1 Bf6 25. Bf2 Kh7 26. e5 Bg7 27. c4 Qc7 28. a4
Rd7 29. Qc2 h5 30. Rd3 Bh6 31. Qd2 Rfd8 32. Bh4 Bf8 33. Bxh5 gxh5 34. Qe2 Kh6
35. Bg5+ Kg6 36. Rh3 Bxd5 37. Qxh5+ Kg7 38. Qh7# 1-0

[Event "V Torneo del Litorale A"]
[Site "Roma ITA"]
[Date "1997.02.??"]
[Round "?"]
[White "Sposito, Paolo"]
[Black "Ridolfi, Raffaele"]
[Result "0-1"]
[WhiteElo "1459"]
[BlackElo "1660"]
[PlyCount "86"]
[EventDate "1997.02.07"]

1. d4 Nf6 2. c4 g6 3. Nc3 d5 4. Bf4 Bg7 5. Rc1 O-O 6. Nf3 c5 7. e3 Qa5 8. Qb3
Ne4 9. cxd5 cxd4 10. exd4 Rd8 11. Be2 Bg4 12. O-O Nd6 13. Rfe1 Nd7 14. h3 Bxf3
15. Bxf3 Kf8 16. Red1 Qb6 17. Qxb6 Nxb6 18. Bg5 Nf5 19. Bf4 Nxd4 20. Be4 f5 21.
Be3 fxe4 22. Bxd4 Bh6 23. Bxb6 axb6 24. Rc2 e6 25. d6 e3 26. g3 exf2+ 27. Kxf2
Bg7 28. a3 Rac8 29. Rdd2 Bxc3 30. Rxc3 Rxc3 31. bxc3 Ra8 32. Rb2 Ra6 33. Ke3
Ke8 34. c4 Kd7 35. Rd2 Rxa3+ 36. Kf4 Rc3 37. Rd4 e5+ 38. Kxe5 Rxg3 39. h4 Rf3
40. Ke4 Rf6 41. h5 Rxd6 42. hxg6 Rxd4+ 43. Kxd4 hxg6 0-1

[Event "V Torneo del Litorale A"]
[Site "Roma ITA"]
[Date "1997.02.??"]
[Round "?"]
[White "Tommasini, Enzo"]
[Black "Gardon, Ermanno"]
[Result "1-0"]
[WhiteElo "2075"]
[BlackElo "1683"]
[PlyCount "71"]
[EventDate "1997.02.07"]

1. d4 Nf6 2. c4 e6 3. Nc3 d5 4. cxd5 exd5 5. Bg5 Nbd7 6. e3 Be7 7. Bd3 O-O 8.
Nge2 Re8 9. Qc2 Nf8 10. O-O Be6 11. Rab1 a5 12. Rfc1 c6 13. Na4 h6 14. Bh4 N8d7
15. f3 Nb6 16. Nc5 Bc8 17. Bf2 Nbd7 18. Na4 Nf8 19. Ng3 Be6 20. Nc5 Qc8 21. a3
N8d7 22. b4 Nb6 23. Nf5 Bxf5 24. Bxf5 Nfd7 25. Qd3 axb4 26. axb4 Bxc5 27. bxc5
Nc4 28. Ra1 Rxa1 29. Rxa1 Qd8 30. Qb3 b5 31. cxb6 Ndxb6 32. Bc2 Qf6 33. Ra6 Qd6
34. e4 Qc7 35. Bd3 Qb7 36. Bxc4 1-0

[Event "V Torneo del Litorale A"]
[Site "Roma ITA"]
[Date "1997.02.??"]
[Round "?"]
[White "Tommasini, Enzo"]
[Black "Scagliarini, Bruno"]
[Result "1-0"]
[WhiteElo "2075"]
[BlackElo "1728"]
[PlyCount "69"]
[EventDate "1997.02.07"]

1. d4 e6 2. c4 Nf6 3. Nc3 Bb4 4. Qc2 c5 5. dxc5 Na6 6. a3 Bxc3+ 7. Qxc3 Nxc5 8.
b4 Nce4 9. Qb2 d5 10. c5 d4 11. f3 Nc3 12. Bd2 Na4 13. Qc2 Bd7 14. Bf4 O-O 15.
Be5 Nh5 16. Bxd4 Qh4+ 17. Bf2 Qf6 18. Rd1 Bb5 19. e3 Bxf1 20. Kxf1 Nc3 21. Rc1
Nd5 22. g4 Nhf4 23. exf4 Nxf4 24. Ne2 Nd5 25. Kg2 h5 26. h3 Qg5 27. Rhd1 f5 28.
h4 Qf6 29. g5 Qf7 30. Qd2 f4 31. Nc3 Ne7 32. Ne4 Nd5 33. Nd6 Qe7 34. Re1 b6 35.
Qxd5 1-0

[Event "V Torneo del Litorale A"]
[Site "Roma ITA"]
[Date "1997.02.??"]
[Round "?"]
[White "Tosoni, Augusto"]
[Black "Cenni, Franco"]
[Result "1-0"]
[WhiteElo "2056"]
[BlackElo "1552"]
[PlyCount "77"]
[EventDate "1997.02.07"]

1. e4 e5 2. Nf3 Nc6 3. Bb5 d6 4. O-O Bd7 5. c3 Nf6 6. Re1 Be7 7. d4 exd4 8.
cxd4 a6 9. Ba4 b5 10. Bc2 h6 11. e5 Nd5 12. Nc3 Nxc3 13. bxc3 dxe5 14. Nxe5
Nxe5 15. Rxe5 c6 16. Qf3 Rc8 17. Qe4 Be6 18. Rxe6 fxe6 19. Qxe6 Qd7 20. Qg6+
Kd8 21. Bf5 Qe8 22. Qe6 Rc7 23. Bf4 Rf8 24. Bxc7+ Kxc7 25. Re1 Rxf5 26. Qxf5
Qd7 27. Qxd7+ Kxd7 28. Rxe7+ Kxe7 29. Kf1 Kd6 30. Ke2 a5 31. Kd3 Kd5 32. f4 g6
33. g4 c5 34. dxc5 Kxc5 35. h4 Kd5 36. a3 a4 37. h5 gxh5 38. gxh5 Ke6 39. Ke4
1-0

[Event "V Torneo del Litorale A"]
[Site "Roma ITA"]
[Date "1997.02.??"]
[Round "?"]
[White "Tosoni, Augusto"]
[Black "Tommasini, Enzo"]
[Result "1-0"]
[WhiteElo "2056"]
[BlackElo "2075"]
[PlyCount "69"]
[EventDate "1997.02.07"]

1. e4 e6 2. d4 d5 3. Nc3 Nf6 4. Bg5 Bb4 5. e5 h6 6. Bd2 Bxc3 7. bxc3 Ne4 8. Qg4
g6 9. h4 c5 10. Bd3 Nxd2 11. Kxd2 Nc6 12. Qf4 c4 13. Be2 Qa5 14. Nf3 Bd7 15. a4
Ne7 16. Rhb1 Bc6 17. Rb4 b6 18. Nh2 Nf5 19. g4 g5 20. hxg5 hxg5 21. Qxg5 Nxd4
22. Nf3 Nxf3+ 23. Bxf3 Qc5 24. Ke2 Rh2 25. Rf1 a5 26. Qg8+ Ke7 27. Qg5+ Kd7 28.
Rbb1 Bxa4 29. Qf4 Rh7 30. Bxd5 Rg8 31. Be4 Rhg7 32. Rfd1+ Kc8 33. f3 Rh8 34.
Rd6 Rg5 35. Rdxb6 1-0

[Event "V Torneo del Litorale A"]
[Site "Roma ITA"]
[Date "1997.02.??"]
[Round "?"]
[White "Tosoni, Augusto"]
[Black "Verrascina, Roberto"]
[Result "1-0"]
[WhiteElo "2056"]
[BlackElo "2225"]
[PlyCount "109"]
[EventDate "1997.02.07"]

1. e4 Nf6 2. e5 Nd5 3. d4 d6 4. Nf3 Nc6 5. exd6 cxd6 6. h3 g6 7. c4 Nb6 8. Nc3
Bg7 9. Be3 h6 10. Qd2 Bf5 11. g4 Bd7 12. Rg1 Qc8 13. c5 h5 14. gxh5 Rxh5 15.
cxb6 Bxh3 16. Bb5 a6 17. Ba4 Kf8 18. Ne2 Bg4 19. Bxc6 Qxc6 20. Rxg4 Qxf3 21.
Rg1 Rh1 22. O-O-O Rc8+ 23. Nc3 Rh2 24. Kb1 Rc6 25. Qe2 Qxe2 26. Nxe2 Rxb6 27.
Rc1 Bh6 28. Rh1 Bxe3 29. Rxh2 Bxc1 30. Kxc1 d5 31. Nc3 e6 32. a3 Kg7 33. Kc2 g5
34. Rh5 f6 35. b4 Rc6 36. Kd3 b5 37. Rh1 Rc4 38. Ne2 a5 39. Rb1 e5 40. bxa5 Ra4
41. Rxb5 exd4 42. Rxd5 Kg6 43. Nxd4 Rxa3+ 44. Kc4 g4 45. Nb3 Ra2 46. Rd2 Ra4+
47. Kb5 Re4 48. a6 Re8 49. a7 f5 50. Nc5 Kg5 51. Ka6 Kf4 52. Kb7 Kf3 53. Ne6
Rh8 54. Nd4+ Ke4 55. Nxf5 1-0

[Event "V Torneo del Litorale A"]
[Site "Roma ITA"]
[Date "1997.02.??"]
[Round "?"]
[White "Vanzan, Alessandro"]
[Black "Alderisio, Piero"]
[Result "1-0"]
[WhiteElo "1507"]
[BlackElo "1558"]
[PlyCount "77"]
[EventDate "1997.02.07"]

1. c4 e5 2. Nc3 d6 3. g3 f5 4. Nh3 Nf6 5. d3 Be7 6. Bg2 c6 7. O-O O-O 8. b4 Be6
9. Ng5 Bd7 10. Qb3 h6 11. Nf3 Be6 12. Ba3 b5 13. Nxb5 cxb5 14. Nxe5 dxe5 15.
Bxa8 bxc4 16. dxc4 Qc7 17. Bd5 Nxd5 18. cxd5 Bf7 19. Qd3 Qd7 20. Rfd1 e4 21.
Qd2 Rd8 22. d6 Bxd6 23. Bb2 Qb7 24. Be5 Be7 25. Qb2 Rxd1+ 26. Rxd1 Bf8 27. Rd8
Nc6 28. Rxf8+ Kxf8 29. Bxg7+ Ke8 30. Bxh6 Qxb4 31. Qh8+ Kd7 32. Qg7 Qb1+ 33.
Kg2 Qxa2 34. e3 Qe6 35. Bf4 a5 36. h4 Kc8 37. Qh8+ Qe8 38. Qh7 Bg6 39. Qc7# 1-0

[Event "V Torneo del Litorale A"]
[Site "Roma ITA"]
[Date "1997.02.??"]
[Round "?"]
[White "Vanzan, Alessandro"]
[Black "De Carolis, Massimo"]
[Result "0-1"]
[WhiteElo "1507"]
[BlackElo "1666"]
[PlyCount "108"]
[EventDate "1997.02.07"]

1. c4 f5 2. d4 e6 3. g3 Nf6 4. Nc3 Be7 5. Bg2 O-O 6. Nh3 c6 7. O-O d5 8. cxd5
exd5 9. a3 a5 10. Qb3 Kh8 11. Na4 Nbd7 12. Ng5 b5 13. Ne6 bxa4 14. Qxa4 Qb6 15.
Nxf8 Nxf8 16. Rb1 Bd7 17. Be3 Ne6 18. b4 Qa6 19. Qc2 a4 20. Rfe1 Nc7 21. f3 Nb5
22. Ra1 Ne8 23. Bf2 Bf6 24. e3 Ned6 25. Bf1 Qb7 26. Bd3 h6 27. Qc5 Qa7 28. Qc1
Re8 29. Ra2 Bg5 30. f4 Bf6 31. Qc2 Qb6 32. Rc1 Qa7 33. Qc5 Qxc5 34. bxc5 Ne4
35. Bxb5 cxb5 36. c6 Bc8 37. Rb2 Nd6 38. Kg2 Ba6 39. Rc5 Rc8 40. Rbc2 Nc4 41.
Rc3 Rc7 42. h3 Be7 43. Rxd5 Rxc6 44. Rxf5 Bxa3 45. d5 b4 46. Rf8+ Kh7 47. Rxc4
Rxc4 48. d6 Rc8 49. Rf7 Rd8 50. e4 Rxd6 51. Re7 b3 52. e5 Rd2 53. Re6 b2 54.
Rb6 Rxf2+ 0-1

[Event "V Torneo del Litorale A"]
[Site "Roma ITA"]
[Date "1997.02.??"]
[Round "?"]
[White "Vanzan, Alessandro"]
[Black "Piacentini, Carlo"]
[Result "0-1"]
[WhiteElo "1507"]
[BlackElo "1680"]
[PlyCount "68"]
[EventDate "1997.02.07"]

1. c4 Nf6 2. Nc3 g6 3. e4 d6 4. d4 Bg7 5. Nf3 O-O 6. g3 c5 7. Bg2 Bg4 8. Be3
cxd4 9. Bxd4 Nc6 10. Be3 Ne5 11. b3 Nxe4 12. Nxe4 Nxf3+ 13. Bxf3 Bxf3 14. Qxf3
Bxa1 15. O-O Bg7 16. Rd1 Qc7 17. Bf4 Qc6 18. Rd5 a6 19. c5 Kh8 20. Qd3 dxc5 21.
Rxc5 Rad8 22. Qc2 Qd7 23. Nd2 Rc8 24. Bc7 Kg8 25. Nf1 Bd4 26. Rc4 b5 27. Rc6
Be5 28. Rxa6 Rxc7 29. Qe2 Bd4 30. a4 b4 31. Ra5 Rc3 32. Qa2 Qc6 33. Qb2 e5 34.
Qb1 Rc2 0-1